[Event "AUTO-ELITE-1273"]
[Site "http://www.queenalice.com/game.php?id=1249469"]
[Date "2014.1.19"]
[Round "1"]
[White "Hortelino"]
[Black "kookaburra"]
[Result "1-0"]
[WhiteElo "2199"]
[BlackElo "2213"]

1. d4 Nf6 2. c4 g6 3. Nc3 Bg7 4. e4 O-O 5. Nf3 c5 6. d5 a6 7. a4 e6 8. Bd3 exd5
9. cxd5 d6 10. h3 Nbd7 11. O-O Qc7 12. Re1 Re8 13. Bf4 Nh5 14. Bh2 Ne5 15. Be2
Nd7 16. Nd2 Nhf6 17. Qc2 b6 18. f4 Bb7 19. Bf3 c4 20. Kh1 Rac8 21. Be2 Qc5 22.
Bg1 Qc7 23. Bxc4 Nh5 24. Bh2 Qc5 25. Rac1 b5 26. axb5 Bxc3 27. Qxc3 axb5 28. Bd3
Qf2 29. Qb4 Rxc1 30. Rxc1 Nc5 31. Bxb5 Re7 32. Rf1 Ng3+ 33. Bxg3 Qxg3 34. Qd4
Nb3 35. Nxb3 Qxb3 36. Bc4 Qb4 37. b3 f6 38. Qxf6 Rxe4 39. f5 Re1 40. fxg6 Rxf1+
41. Qxf1 hxg6 42. Qf6 Qe1+ 43. Kh2 Qe5+ 44. Qxe5 dxe5 45. Kg3 Kf7 46. h4 Kf6 47.
Kf3 Bc8 48. g4 g5 49. hxg5+ Kxg5 50. Ke4 1-0

[Event "AUTO-OPEN-3169"]
[Site "http://www.queenalice.com/game.php?id=1249504"]
[Date "2014.1.19"]
[Round "1"]
[White "ShuraCapricornio"]
[Black "Hortelino"]
[Result "0-1"]
[WhiteElo "1805"]
[BlackElo "2213"]

1. d4 d5 2. c4 e6 3. Nc3 Nf6 4. Bg5 Nbd7 5. Nf3 c6 6. e3 Qa5 7. Bd3 Bb4 8. Qc2
Ne4 9. Bxe4 dxe4 10. Nd2 Qxg5 11. O-O f5 12. a3 Bxc3 13. Qxc3 O-O 14. f4 Qe7 15.
Qb3 Kh8 16. c5 b6 17. cxb6 axb6 18. Nc4 Ba6 19. Rfe1 Bxc4 20. Qxc4 Rfc8 21. Rac1
Nf6 22. h3 c5 23. dxc5 Rxc5 24. Qb4 Nd5 25. Qd2 Rac8 26. b4 Rxc1 27. Rxc1 Rxc1+
28. Qxc1 Qc7 29. Qd2 Qc3 30. Qd1 Qxe3+ 31. Kh1 h6 32. Qc2 Nxf4 33. Qc8+ Kh7 34.
Qe8 Qf2 0-1

[Event "AUTO-OPEN-3169"]
[Site "http://www.queenalice.com/game.php?id=1249505"]
[Date "2014.1.19"]
[Round "1"]
[White "Hortelino"]
[Black "ShuraCapricornio"]
[Result "1-0"]
[WhiteElo "2214"]
[BlackElo "1812"]

1. d4 Nf6 2. c4 g6 3. Nc3 Bg7 4. e4 d6 5. Nf3 O-O 6. Be2 e5 7. dxe5 dxe5 8. Bg5
Qxd1+ 9. Rxd1 Nc6 10. O-O Be6 11. Bxf6 Bxf6 12. Nd5 Rad8 13. Nxf6+ Kg7 14. Nd5
Rd7 15. a3 f5 16. Bd3 f4 17. b4 h6 18. b5 Bxd5 19. exd5 Nd8 20. Nxe5 Re7 21.
Nxg6 Ref7 22. Nxf8 Rxf8 23. c5 f3 24. Rfe1 fxg2 25. Re7+ Kf6 26. Rxc7 Rg8 27.
Re1 Nf7 28. Rxf7+ Kxf7 29. d6 Rd8 30. Re7+ Kf6 31. Rxb7 Ke5 32. d7 Kd5 33. c6
Kd6 34. c7 Kxd7 35. cxd8=N+ Kxd8 36. Rxa7 h5 37. b6 Kc8 38. Be4 h4 39. b7+ Kb8
40. Ra8+ 1-0

[Event "AUTO-OPEN-3169"]
[Site "http://www.queenalice.com/game.php?id=1249526"]
[Date "2014.1.19"]
[Round "1"]
[White "Hortelino"]
[Black "massimo"]
[Result "1-0"]
[WhiteElo "2211"]
[BlackElo "1792"]

1. d4 d5 2. c4 Nf6 3. cxd5 Nxd5 4. Nf3 Bg4 5. Ne5 Bf5 6. Qb3 b6 7. Nc3 e6 8.
Qb5+ Ke7 9. g4 c6 10. Qa4 b5 11. Qb3 Bg6 12. Bg2 a5 13. O-O a4 14. Qd1 f6 15.
Nxg6+ hxg6 16. e4 Qd6 17. f4 Nxc3 18. bxc3 g5 19. e5 fxe5 20. fxe5 Qc7 21. Bxg5+
Ke8 22. Qf3 g6 23. Qf6 Qg7 24. Qd8# 1-0

[Event "AUTO-OPEN-3169"]
[Site "http://www.queenalice.com/game.php?id=1249527"]
[Date "2014.1.19"]
[Round "1"]
[White "massimo"]
[Black "Hortelino"]
[Result "0-1"]
[WhiteElo "1786"]
[BlackElo "2212"]

1. e4 c5 2. c4 Nc6 3. d3 g6 4. f4 Bg7 5. e5 d6 6. Nf3 dxe5 7. fxe5 Nxe5 8. Nxe5
Bxe5 9. Qe2 Bg7 10. Nc3 Nf6 11. Bg5 O-O 12. O-O-O Bg4 13. Qf2 Bxd1 14. Nxd1 Qd4
15. Qxd4 cxd4 16. Kb1 Rfe8 17. Nf2 e5 18. h4 h5 19. g3 Ng4 20. Nxg4 hxg4 21. Be2
f6 22. Bd2 f5 23. h5 Kf7 24. Bd1 Rh8 25. hxg6+ Kxg6 26. Rxh8 Rxh8 27. b4 Bh6 28.
Bxh6 Rxh6 29. a4 Kg5 30. b5 f4 31. gxf4+ exf4 0-1

[Event "AUTO-OPEN-3169"]
[Site "http://www.queenalice.com/game.php?id=1249528"]
[Date "2014.1.19"]
[Round "1"]
[White "Hortelino"]
[Black "phystutordotcom"]
[Result "0-1"]
[WhiteElo "2230"]
[BlackElo "2138"]

1. d4 d6 2. e4 Nf6 3. Nc3 e5 4. Nf3 Nbd7 5. Bc4 Be7 6. O-O O-O 7. a4 c6 8. Re1
b6 9. d5 cxd5 10. Nxd5 Bb7 11. b3 Nc5 12. Nxf6+ Bxf6 13. Bd5 Qc7 14. Ba3 Rad8
15. Bxc5 dxc5 16. c4 a5 17. Qe2 Bc8 18. Rad1 Bg4 19. Qe3 h6 20. Rd3 Bh5 21. Nd2
Qd7 22. f3 Bg6 23. Nf1 h5 24. Qf2 Qe7 25. Ne3 h4 26. Red1 Kh7 27. g3 Bg5 28. Kg2
Rh8 29. Kg1 Kg8 30. g4 Kh7 31. Ng2 Qf6 32. Rf1 Rhe8 33. Qe2 Rd7 34. Ne1 Red8 35.
Kg2 Kh8 36. Kh3 Bh7 37. Ng2 Qh6 38. Qf2 Bg8 39. f4 exf4 40. Nxf4 Re7 41. Ng2 Bh7
42. Qf3 Rde8 43. Re1 Kg8 44. Rdd1 Rd8 45. Re2 Kh8 46. Rf1 Rde8 47. Rfe1 Qd6 48.
Rf1 Rf8 49. Nf4 Qe5 50. Ng2 Rd8 51. Rd1 Re6 52. Ree1 Red6 53. Qe2 Re8 54. Rd3 f5
0-1

[Event "AUTO-OPEN-3169"]
[Site "http://www.queenalice.com/game.php?id=1249529"]
[Date "2014.1.19"]
[Round "1"]
[White "phystutordotcom"]
[Black "Hortelino"]
[Result "1-0"]
[WhiteElo "2008"]
[BlackElo "2243"]

1. Nf3 Nf6 2. g3 g6 3. Bg2 Bg7 4. O-O O-O 5. d4 d5 6. c4 dxc4 7. Na3 c3 8. bxc3
c5 9. Ne5 Nc6 10. Bg5 Nxe5 11. dxe5 Nd7 12. e6 fxe6 13. Qb3 Nb6 14. Rad1 Qc7 15.
Nb5 Qe5 16. Bxe7 Rf7 17. Rd8+ Bf8 18. Rxf8+ Rxf8 19. Bxf8 Kxf8 20. Nxa7 Rxa7 21.
Qxb6 Ra8 22. Rd1 1-0

[Event "AUTO-MASTER-2019"]
[Site "http://www.queenalice.com/game.php?id=1249712"]
[Date "2014.1.20"]
[Round "1"]
[White "anceliogondim"]
[Black "Hortelino"]
[Result "0-1"]
[WhiteElo "2001"]
[BlackElo "2204"]

1. e4 c5 2. Nf3 Nc6 3. Nc3 g6 4. d3 Bg7 5. Bd2 e6 6. Be3 b6 7. Qd2 Nge7 8. Be2
d5 9. exd5 exd5 10. d4 c4 11. a3 O-O 12. O-O-O Bg4 13. h3 Bxf3 14. Bxf3 Qd7 15.
g4 Nd8 16. h4 Ne6 17. h5 f5 18. hxg6 f4 19. gxh7+ Kh8 20. Rdg1 fxe3 21. Qxe3
Bxd4 22. Qe2 Ng5 23. Bg2 Rxf2 24. Qd1 Rf4 25. Rf1 Raf8 26. Ne2 Rxf1 27. Rxf1
Rxf1 28. Qxf1 Bg7 29. Qf4 Nxh7 30. Nc3 Nf6 31. g5 Ne8 32. Qf7 Nd6 33. Qh5+ Kg8
34. Nxd5 Nxd5 35. Bxd5+ Kf8 36. g6 Qf5 37. Qxf5+ Nxf5 38. Bxc4 Ne7 39. b3 Bc3
40. Kb1 Nxg6 41. a4 Ke7 42. Ka2 Kd6 43. Ka3 Kc5 44. Be2 Ne5 45. Bb5 Nc6 46. Bxc6
Kxc6 47. b4 Kd5 48. Kb3 Kd4 0-1

[Event "AUTO-MASTER-2019"]
[Site "http://www.queenalice.com/game.php?id=1249713"]
[Date "2014.1.20"]
[Round "1"]
[White "Hortelino"]
[Black "anceliogondim"]
[Result "1-0"]
[WhiteElo "2224"]
[BlackElo "2008"]

1. d4 d5 2. c4 c6 3. Nf3 dxc4 4. e4 b5 5. a4 Nf6 6. e5 Nd5 7. axb5 cxb5 8. b3
Qc7 9. Na3 Ba6 10. bxc4 bxc4 11. Qa4+ Nd7 12. Qxa6 e6 13. Nb5 Qb6 14. Bxc4 Bb4+
15. Bd2 Bxd2+ 16. Kxd2 O-O 17. Bxd5 exd5 18. Qxb6 Nxb6 19. Nd6 h6 20. Ra6 Nc4+
21. Nxc4 dxc4 22. Kc3 Rfc8 23. Rb1 Rc7 24. d5 Rd8 25. Rb5 f6 26. e6 Kf8 27. d6
Rxd6 28. Rxd6 Rc6 29. Rxc6 1-0

[Event "AUTO-MASTER-2019"]
[Site "http://www.queenalice.com/game.php?id=1249726"]
[Date "2014.1.20"]
[Round "1"]
[White "dadge"]
[Black "Hortelino"]
[Result "0-1"]
[WhiteElo "2170"]
[BlackElo "2213"]

1. e4 c5 2. Nf3 Nc6 3. c3 d5 4. exd5 Qxd5 5. Be2 e5 6. d3 Bf5 7. O-O O-O-O 8. c4
Qd7 9. Nc3 Bxd3 10. Nd5 Bxe2 11. Qxe2 Bd6 12. Ng5 f6 13. Ne4 Nge7 14. Nec3 Nxd5
15. Nxd5 Ne7 16. Nc3 Qe6 17. Nb5 a6 18. Nxd6+ Rxd6 19. Be3 Rc6 20. Rad1 Nf5 21.
Rd5 Nd4 22. Qd3 g6 23. h3 Rd8 24. Rxd8+ Kxd8 25. Rd1 Kc8 26. f3 Rd6 27. Kf2 Nf5
28. Qe2 Rxd1 29. Qxd1 Nxe3 30. Kxe3 Qxc4 31. b3 Qd4+ 32. Qxd4 cxd4+ 33. Kd3 Kc7
34. g4 Kc6 0-1

[Event "AUTO-MASTER-2019"]
[Site "http://www.queenalice.com/game.php?id=1249727"]
[Date "2014.1.20"]
[Round "1"]
[White "Hortelino"]
[Black "dadge"]
[Result "0-1"]
[WhiteElo "2215"]
[BlackElo "2184"]

1. d4 d5 2. c4 e6 3. Nc3 Nf6 4. Bg5 dxc4 5. e4 Be7 6. Nf3 a6 7. Bxc4 b5 8. Bd3
Bb7 9. Qe2 O-O 10. O-O Nbd7 11. Rfd1 h6 12. Bxf6 Nxf6 13. Rac1 Rc8 14. a3 c5 15.
dxc5 Bxc5 16. b4 Bb6 17. Bb1 Qe7 18. e5 Nd5 19. Nxd5 Bxd5 20. Nd2 Qb7 21. Ne4
Rxc1 22. Rxc1 Rc8 23. Re1 Qe7 24. Qd3 g6 25. Nf6+ Kg7 26. Nxd5 exd5 27. Qxd5 Qh4
28. g3 Qd4 29. Qxd4 Bxd4 30. Kg2 Rc3 31. e6 fxe6 32. Rxe6 Rxa3 33. Rxg6+ Kf7 34.
Rxh6 Ra1 35. Bf5 Ra4 36. g4 Rxb4 37. Rxa6 Rb2 38. h4 Bxf2 39. h5 Bd4+ 40. Kf3 b4
41. h6 Rh2 42. h7 b3 43. Kf4 b2 44. Rd6 Rf2+ 45. Kg5 Rxf5+ 46. gxf5 b1=Q 47.
Rxd4 Qg1+ 48. Rg4 Qe3+ 49. Rf4 Qe5 50. Rh4 Qf6+ 51. Kg4 Qd4+ 52. Kg5 Qe3+ 53.
Kg4 Qd4+ 54. Kg5 Qh8 55. Rh5 Qg7+ 0-1

[Event "AUTO-MASTER-2019"]
[Site "http://www.queenalice.com/game.php?id=1249736"]
[Date "2014.1.20"]
[Round "1"]
[White "Hortelino"]
[Black "Spartaccus"]
[Result "0-1"]
[WhiteElo "2210"]
[BlackElo "2232"]

1. d4 d5 2. c4 c6 3. Nf3 Nf6 4. Nc3 e6 5. Bg5 Nbd7 6. e3 Be7 7. Bd3 O-O 8. O-O
dxc4 9. Bxc4 b5 10. Bd3 Bb7 11. Rc1 Rc8 12. a3 a6 13. b4 h6 14. Bxf6 Bxf6 15.
Ne4 Be7 16. Nc5 Nxc5 17. dxc5 Bf6 18. Qc2 Rc7 19. Rcd1 Qb8 20. Be4 Rd8 21. Rxd8+
Qxd8 22. Rd1 Rd7 23. Rd3 Rxd3 24. Bxd3 a5 25. Nd2 axb4 26. axb4 Bc8 27. Be4 Bb7
28. Nb3 Qd7 29. g3 g6 30. h4 Kg7 31. Na5 Ba8 32. Kg2 Be7 33. h5 gxh5 34. Bf3 h4
35. Qe4 hxg3 36. Qg4+ Bg5 37. Qxg3 Qd2 38. Bxc6 Qxb4 39. Bxa8 Qxa5 40. Bb7 b4
41. Qd6 b3 42. Be4 Qb4 43. Bb1 Qg4+ 44. Kf1 Qf3 0-1

[Event "AUTO-MASTER-2019"]
[Site "http://www.queenalice.com/game.php?id=1249737"]
[Date "2014.1.20"]
[Round "1"]
[White "Spartaccus"]
[Black "Hortelino"]
[Result "1-0"]
[WhiteElo "2184"]
[BlackElo "2230"]

1. d4 d5 2. c4 e6 3. Nc3 Nf6 4. Bg5 Nbd7 5. e3 c6 6. Nf3 Qa5 7. Qc2 Bb4 8. Rc1
Qxa2 9. Nd2 Qa5 10. Be2 dxc4 11. Bxc4 Qxg5 12. O-O Bxc3 13. bxc3 O-O 14. e4 Re8
15. e5 Nd5 16. Ne4 Qg6 17. Bd3 Qh6 18. Nd6 Re7 19. g3 f5 20. Ra1 a6 21. Rfb1 f4
22. c4 N5b6 23. Rb3 fxg3 24. hxg3 Rb8 25. Qb2 Na8 26. Rxa6 Nc7 27. Rxc6 Nf8 28.
Nf5 Qg5 29. f4 1-0

[Event "bonow-2"]
[Site "http://www.queenalice.com/game.php?id=1257156"]
[Date "2014.2.16"]
[Round "4"]
[White "mestreRJ"]
[Black "Hortelino"]
[Result "1-0"]
[WhiteElo "2739"]
[BlackElo "2224"]

1. e4 c5 2. c3 d5 3. exd5 Qxd5 4. d4 Nc6 5. Nf3 Bg4 6. Be2 cxd4 7. cxd4 e6 8.
Nc3 Qa5 9. O-O Nf6 10. h3 Bh5 11. Be3 Bd6 12. g4 Bg6 13. Qb3 Qb4 14. Ne5 O-O 15.
g5 Qxb3 16. axb3 Nd5 17. Nxd5 exd5 18. Nxc6 bxc6 19. Rfc1 Bc7 20. Rxc6 Bb6 21.
Kh2 Bf5 22. Bf3 Bd7 23. Rc3 Be6 24. h4 Rad8 25. b4 Rfe8 26. Rd1 Kf8 27. Bf4 Ke7
28. Be5 f6 29. Bf4 Rc8 30. gxf6+ gxf6 31. Re3 Kd7 32. Be2 Ke7 33. Re1 Bxd4 34.
Rxe6+ Kxe6 35. Bg4+ 1-0

[Event "Challenge"]
[Site "http://www.queenalice.com/game.php?id=1258604"]
[Date "2014.2.21"]
[Round "-"]
[White "StenioVS"]
[Black "Hortelino"]
[Result "1-0"]
[WhiteElo "2243"]
[BlackElo "2204"]

1. d4 d5 2. c4 e6 3. Nf3 Nf6 4. g3 Be7 5. Bg2 O-O 6. O-O dxc4 7. Ne5 Nc6 8. Bxc6
bxc6 9. Nxc6 Qe8 10. Nxe7+ Qxe7 11. Qa4 e5 12. dxe5 Qxe5 13. Qxc4 Be6 14. Qc2
Bf5 15. Qd2 Rfe8 16. Nc3 Ne4 17. Nxe4 Qxe4 18. Re1 Bg4 19. Qc3 c6 20. f3 Bxf3
21. Bh6 gxh6 22. exf3 Qd5 23. Red1 Qb5 24. Rd4 Re6 25. Rg4+ Rg6 26. Re4 Rd8 27.
Rae1 c5 28. R1e2 h5 29. Qe5 Qa5 30. Qxh5 Qxa2 31. Qxc5 Qa6 32. Re8+ Rxe8 33.
Rxe8+ Kg7 34. Qf8+ Kf6 35. Re4 Qb6+ 36. Kg2 Qxb2+ 37. Kh3 Qc1 38. Qh8+ Kg5 39.
Qe5+ f5 40. Rg4+ 1-0

[Event "Challenge"]
[Site "http://www.queenalice.com/game.php?id=1258605"]
[Date "2014.2.21"]
[Round "-"]
[White "Hortelino"]
[Black "StenioVS"]
[Result "0-1"]
[WhiteElo "2193"]
[BlackElo "2254"]

1. d4 g6 2. c4 Bg7 3. Nf3 c5 4. e4 cxd4 5. Nxd4 Nf6 6. Nc3 O-O 7. Be2 d6 8. Be3
Nc6 9. O-O e6 10. Ndb5 Ne8 11. c5 d5 12. exd5 exd5 13. Qxd5 Qxd5 14. Nxd5 Bxb2
15. Rab1 Be5 16. f4 Bg7 17. g4 Be6 18. Ndc7 Nxc7 19. Nxc7 Nd4 20. Nxe6 Nxe2+ 21.
Kf2 fxe6 22. Kxe2 Rf7 23. Kd3 Rc8 24. Rb5 g5 25. f5 exf5 26. gxf5 Rd8+ 27. Kc4
Bf6 28. Rg1 h6 29. h4 Re7 30. Bf2 Re4+ 31. Kb3 Rd2 0-1

[Event "AUTO-MASTER-1961"]
[Site "http://www.queenalice.com/game.php?id=1261212"]
[Date "2014.3.1"]
[Round "2"]
[White "Hortelino"]
[Black "Ettedualc"]
[Result "0-1"]
[WhiteElo "2192"]
[BlackElo "2509"]

1. d4 g6 2. e4 Bg7 3. Nc3 d6 4. Be3 Nf6 5. Qd2 O-O 6. f3 c6 7. O-O-O b5 8. Kb1
Nbd7 9. h4 Nb6 10. Bh6 Rb8 11. Bxg7 Kxg7 12. h5 b4 13. hxg6 fxg6 14. Qh6+ Kg8
15. Nce2 Rf7 16. Nf4 Qf8 17. Qh4 Qg7 18. Ngh3 h6 19. e5 g5 20. exf6 Rxf6 21. Nh5
gxh4 22. Nxg7 Kxg7 23. Nf2 Rf4 24. Re1 Nd5 25. Re4 Rxe4 26. Nxe4 Ne3 27. Kc1 Kg6
28. Kd2 Nxf1+ 29. Rxf1 Rb5 30. Rh1 Ra5 0-1

[Event "AUTO-MASTER-1961"]
[Site "http://www.queenalice.com/game.php?id=1261213"]
[Date "2014.3.1"]
[Round "2"]
[White "Ettedualc"]
[Black "Hortelino"]
[Result "1-0"]
[WhiteElo "2512"]
[BlackElo "2207"]

1. g4 d5 2. c4 Bxg4 3. Qb3 dxc4 4. Qxb7 Nd7 5. Na3 Nb6 6. Nxc4 Qd5 7. Qxd5 Nxd5
8. e4 Nb4 9. Ne3 Bd7 10. a3 Nc6 11. Nf3 e5 12. b4 Bd6 13. Bb2 f6 14. Rg1 g6 15.
Nc4 Nh6 16. b5 Ne7 17. d4 exd4 18. Bxd4 O-O 19. Nxd6 cxd6 20. Bc4+ Kg7 21. Rc1
Ng4 22. Be2 Ne5 23. Nxe5 fxe5 24. Rc7 Rfd8 25. Bxa7 1-0

[Event "AUTO-MASTER-1961"]
[Site "http://www.queenalice.com/game.php?id=1261214"]
[Date "2014.3.1"]
[Round "2"]
[White "Hortelino"]
[Black "sidneyjmg"]
[Result "0-1"]
[WhiteElo "2223"]
[BlackElo "2447"]

1. d4 Nf6 2. c4 e6 3. Nc3 Bb4 4. Qc2 O-O 5. a3 Bxc3+ 6. Qxc3 d6 7. Nf3 Nbd7 8.
g3 c5 9. Bg2 b6 10. O-O Ba6 11. Rd1 Rc8 12. b3 b5 13. Bf4 bxc4 14. Bxd6 Ne4 15.
Qa5 Qxa5 0-1

[Event "AUTO-MASTER-1961"]
[Site "http://www.queenalice.com/game.php?id=1261215"]
[Date "2014.3.1"]
[Round "2"]
[White "sidneyjmg"]
[Black "Hortelino"]
[Result "1-0"]
[WhiteElo "2451"]
[BlackElo "2218"]

1. e4 c5 2. Nf3 Nc6 3. Bb5 e6 4. O-O Nge7 5. c3 a6 6. Ba4 b5 7. Bc2 Bb7 8. d4
cxd4 9. Nxd4 Rc8 10. Nb3 Ng6 11. Be3 Qc7 12. N1d2 Nce5 13. f4 Nc4 14. Nxc4 Qxc4
15. f5 Ne7 16. Qh5 g6 17. fxg6 Nxg6 18. Bd4 e5 19. Bxe5 1-0

[Event "bonow-2"]
[Site "http://www.queenalice.com/game.php?id=1265669"]
[Date "2014.3.17"]
[Round "5"]
[White "Hortelino"]
[Black "mauricio_sm"]
[Result "1-0"]
[WhiteElo "2202"]
[BlackElo "1967"]

1. d4 Nf6 2. c4 e6 3. Nc3 Bb4 4. Qc2 b6 5. a3 Bxc3+ 6. Qxc3 Bb7 7. Bg5 h6 8. Bh4
d6 9. f3 Nbd7 10. e4 g5 11. Bf2 Qe7 12. Bd3 O-O-O 13. Ne2 Kb8 14. Qc2 Rc8 15. b4
c5 16. bxc5 dxc5 17. d5 exd5 18. exd5 Ne5 19. O-O Rce8 20. Rfe1 Nxd3 21. Qxd3
Qd7 22. Nc3 Rxe1+ 23. Rxe1 Re8 24. Nb5 Nh5 25. Rxe8+ Qxe8 26. Be3 Qe5 27. g3 a6
28. Nc3 f5 29. Bd2 Qd4+ 30. Qxd4 cxd4 31. Ne2 Ng7 32. Nxd4 Kc7 33. Bb4 f4 34.
Bf8 Nh5 35. g4 Nf6 36. Ne6+ Kd7 37. Bxh6 Nh7 38. Bxg5 Nxg5 39. Nxg5 b5 40. cxb5
axb5 41. Kf2 Bxd5 42. Nh3 Ke7 43. Nxf4 Bc4 44. Ke3 Kf6 45. h4 Ke5 46. Nh3 Be6
47. f4+ Kd5 48. f5 Bd7 49. Nf4+ Kc4 50. Nd3 Kb3 51. Nc5+ Kxa3 52. Nxd7 b4 53.
Nc5 b3 54. Nxb3 Kxb3 55. f6 1-0

[Event "Só brasileiros"]
[Site "http://www.queenalice.com/game.php?id=1289954"]
[Date "2014.6.22"]
[Round "2"]
[White "Hortelino"]
[Black "SportRecife"]
[Result "1-0"]
[WhiteElo "2183"]
[BlackElo "2073"]

1. d4 d5 2. c4 c6 3. Nf3 Nf6 4. Nc3 Bg4 5. Ne5 Bf5 6. cxd5 cxd5 7. e4 Bxe4 8.
Nxe4 dxe4 9. Qb3 Qxd4 10. Nxf7 Ng4 11. Be3 Nxe3 12. fxe3 Qf6 13. Bb5+ Nc6 14.
Nxh8 g6 15. Rf1 1-0

[Event "Só brasileiros"]
[Site "http://www.queenalice.com/game.php?id=1328324"]
[Date "2014.12.15"]
[Round "3"]
[White "falekhine"]
[Black "Hortelino"]
[Result "0-1"]
[WhiteElo "2147"]
[BlackElo "2190"]

1. d4 d5 2. c4 e6 3. Nc3 Nf6 4. Bg5 Nbd7 5. e3 c6 6. Nf3 Qa5 7. Bxf6 Nxf6 8. a3
Ne4 9. Rc1 Nxc3 10. Rxc3 Bxa3 11. cxd5 Bxb2 12. Bd3 Bxc3+ 13. Kf1 exd5 14. Ne5
Be6 15. h4 Qa1 16. Qxa1 Bxa1 0-1

[Event "Só brasileiros"]
[Site "http://www.queenalice.com/game.php?id=1378739"]
[Date "2015.8.20"]
[Round "5"]
[White "BEBADO"]
[Black "Hortelino"]
[Result "1/2-1/2"]
[WhiteElo "2360"]
[BlackElo "2212"]

1. e4 c5 2. Nf3 Nc6 3. d4 cxd4 4. Nxd4 g6 5. Nc3 Bg7 6. Be3 Nf6 7. Bc4 Qa5 8.
O-O O-O 9. Bb3 d6 10. f3 Bd7 11. Qd2 Rfc8 12. Rad1 Qa6 13. Rfe1 Ne5 14. Nd5 Nxd5
15. exd5 Nc4 16. Bxc4 Qxc4 17. b3 Qxd5 18. c4 1/2-1/2